[Event "TCh-FRA Top 12 2018"]
[Site "Brest FRA"]
[Date "2018.05.26"]
[Round "1.1"]
[Board "1"]
[White "Bluebaum, Matthias"]
[Black "Balogh, Csaba"]
[Result "1/2-1/2"]
[WhiteTitle "GM"]
[BlackTitle "GM"]
[WhiteElo "2633"]
[BlackElo "2628"]
[WhiteTeam "MULHOUSE Philidor"]
[BlackTeam "Metz Fischer"]
[WhiteFideId "24651516"]
[BlackFideId "718939"]
[EventDate "2018.05.26"]

1. d4 d5 2. c4 c6 3. Nc3 Nf6 4. e3 g6 5. Nf3 Bg7 6. Be2 O-O 7. O-O a6 8. b3 Ne4
9. Bb2 Nxc3 10. Bxc3 Bg4 11. Qc2 e6 12. Rad1 Nd7 13. e4 dxe4 14. Qxe4 Bxf3 15.
Bxf3 a5 16. Qc2 Qc7 17. g3 Rfd8 18. Kg2 Nb6 19. Rd3 Rd7 20. Rfd1 a4 21. h4 h5
22. Qe2 axb3 23. axb3 Qd8 24. Qd2 Ra3 25. Bb4 Ra6 26. Bc5 Bf8 27. Qe2 Nc8 28.
R3d2 Ne7 29. Be4 Bg7 30. Qe3 Ra8 31. Bb4 Qb6 32. Bc5 Qc7 33. Kg1 Bf6 34. Kg2 Kg7
35. Qf3 Rad8 36. Bb4 Qb6 37. Bc5 Qc7 38. Bb4 Qb6 39. Bc5 1/2-1/2

[Event "TCh-FRA Top 12 2018"]
[Site "Brest FRA"]
[Date "2018.05.26"]
[Round "1.1"]
[Board "2"]
[White "Riazantsev, Alexander"]
[Black "Navara, David"]
[Result "0-1"]
[WhiteTitle "GM"]
[BlackTitle "GM"]
[WhiteElo "2662"]
[BlackElo "2727"]
[WhiteTeam "Metz Fischer"]
[BlackTeam "MULHOUSE Philidor"]
[WhiteFideId "4125029"]
[BlackFideId "309095"]
[EventDate "2018.05.26"]

1. d4 d5 2. c4 c6 3. Nc3 Nf6 4. e3 e6 5. Nf3 Nbd7 6. a4 Bb4 7. Bd3 b6 8. O-O O-O
9. Bd2 a5 10. cxd5 exd5 11. Qc2 Ba6 12. Bxa6 Rxa6 13. Ne2 Qa8 14. Ng3 g6 15.
Rac1 c5 16. b3 Rc8 17. Qb2 Ra7 18. dxc5 bxc5 19. Bc3 Bxc3 20. Rxc3 Rb7 21. Qc2
Rb4 22. h3 c4 23. Ra1 Nc5 24. Nd2 h5 25. bxc4 h4 26. Ne2 Nfe4 27. Nxe4 Nxe4 28.
Rca3 dxc4 29. Nc3 Nc5 30. Rd1 Rd8 31. Rxd8+ Qxd8 32. Ra1 Nd3 33. Ne4 Qe7 34. Nd2
Nxf2 35. Rf1 Nxh3+ 36. gxh3 Qxe3+ 37. Rf2 c3 38. Nf1 Qxh3 39. Rg2 Rb2 40. Rxg6+
Kf8 41. Qd1 fxg6 42. Qd8+ Kf7 43. Qc7+ Kf6 44. Qd8+ Ke5 45. Qc7+ Kd4 46. Qd6+
Kc4 47. Nd2+ cxd2 0-1

[Event "TCh-FRA Top 12 2018"]
[Site "Brest FRA"]
[Date "2018.05.26"]
[Round "1.1"]
[Board "3"]
[White "Gledura, Benjamin"]
[Black "Safarli, Eltaj"]
[Result "1/2-1/2"]
[WhiteTitle "GM"]
[BlackTitle "GM"]
[WhiteElo "2615"]
[BlackElo "2657"]
[WhiteTeam "MULHOUSE Philidor"]
[BlackTeam "Metz Fischer"]
[WhiteFideId "712779"]
[BlackFideId "13402129"]
[EventDate "2018.05.26"]

1. Nf3 c5 2. c4 Nc6 3. Nc3 g6 4. e3 Nf6 5. d4 cxd4 6. exd4 d5 7. cxd5 Nxd5 8.
Qb3 e6 9. Bb5 Bg7 10. Bxc6+ bxc6 11. O-O O-O 12. Re1 Qc7 13. Bd2 Rb8 14. Qa3 Qe7
15. Qxe7 Nxe7 16. b3 Nf5 17. Rad1 Nxd4 18. Nxd4 Bxd4 19. Ne4 c5 20. Bf4 Rb7 21.
Bd6 Rd8 22. Be5 Rf8 23. Bd6 Rd8 24. Be5 Rf8 25. Nf6+ Kg7 26. Ne8+ Kg8 27. Nf6+
Kg7 28. Ne8+ Kg8 29. Nf6+ 1/2-1/2

[Event "TCh-FRA Top 12 2018"]
[Site "Brest FRA"]
[Date "2018.05.26"]
[Round "1.1"]
[Board "4"]
[White "Todorov, Todor"]
[Black "Sokolov, Andrei1"]
[Result "1/2-1/2"]
[WhiteTitle "GM"]
[BlackTitle "GM"]
[WhiteElo "2477"]
[BlackElo "2489"]
[WhiteTeam "Metz Fischer"]
[BlackTeam "MULHOUSE Philidor"]
[WhiteFideId "2903237"]
[BlackFideId "627089"]
[EventDate "2018.05.26"]

1. e4 c5 2. Nf3 e6 3. b3 a6 4. Bb2 Nc6 5. Qe2 d6 6. g3 e5 7. Bg2 g6 8. O-O Bg7
9. c3 Nge7 10. d3 O-O 11. Nbd2 h6 12. a3 Be6 13. b4 b5 14. bxc5 dxc5 15. a4 Qd6
16. Rfb1 Rab8 17. axb5 axb5 18. Ba3 b4 19. Bb2 bxc3 20. Bxc3 Nd4 21. Qd1 Nec6
22. Rxb8 Rxb8 23. Nc4 Qc7 1/2-1/2

[Event "TCh-FRA Top 12 2018"]
[Site "Brest FRA"]
[Date "2018.05.26"]
[Round "1.1"]
[Board "5"]
[White "Istratescu, Andrei"]
[Black "Feller, Sebastien"]
[Result "1-0"]
[WhiteTitle "GM"]
[BlackTitle "GM"]
[WhiteElo "2589"]
[BlackElo "2574"]
[WhiteTeam "MULHOUSE Philidor"]
[BlackTeam "Metz Fischer"]
[WhiteFideId "1200372"]
[BlackFideId "634654"]
[EventDate "2018.05.26"]

1. e4 e5 2. Nf3 Nc6 3. Bb5 Nf6 4. d3 d6 5. c3 g6 6. d4 Bd7 7. d5 Ne7 8. Bxd7+
Qxd7 9. Qe2 Bg7 10. O-O O-O 11. c4 Ne8 12. Nc3 h6 13. Ne1 f5 14. f3 Nf6 15. Nd3
f4 16. Bd2 g5 17. Rfd1 h5 18. Be1 Ng6 19. c5 g4 20. Rac1 Rf7 21. b4 Bf8 22. Bf2
Qe8 23. Kh1 Rg7 24. a4 g3 25. Bg1 gxh2 26. Bxh2 h4 27. cxd6 Bxd6 28. Nc5 Nh5 29.
Qb5 Ng3+ 30. Kg1 Qe7 31. Ne6 h3 32. Nxg7 Qxg7 33. Qxb7 Rf8 34. Qxa7 Nh4 35. Qf2
Nxg2 36. Ne2 Nxe2+ 37. Qxe2 Ne3+ 38. Kh1 Qg2+ 39. Qxg2+ hxg2+ 40. Kg1 Bxb4 41.
Kf2 Ra8 42. Rg1 Rxa4 43. Ra1 Rxa1 44. Rxa1 Bc5 45. Rc1 Bb6 46. Bg1 Nxd5+ 47.
Kxg2 Ne3+ 48. Kf2 Kf7 49. Ke2 Ke6 50. Kd3 Kd6 51. Bf2 Bd4 52. Rh1 c5 53. Rh6+
Kd7 54. Be1 c4+ 55. Ke2 Nc2 56. Kd1 Nxe1 57. Kxe1 Kc7 58. Kd2 Kd7 59. Kc2 Kc7
60. Kb1 Kd7 61. Ra6 Kc7 62. Ra4 c3 63. Ra6 Kb7 64. Re6 Kc7 65. Kc2 Kd7 66. Rh6
Kc7 67. Kd3 Kd7 68. Rh2 Kc6 69. Kc4 Kb6 70. Rh6+ Kc7 71. Kd5 Kb7 72. Rc6 Ka7 73.
Kc4 Kb8 74. Kb4 Kb7 75. Kb5 Ka7 76. Kc4 Kb8 77. Kd5 Kb7 78. Kd6 Kb8 79. Ke7 Ka7
80. Ke8 Ka8 81. Rc7 Kb8 82. Kd7 Ka8 83. Kc8 1-0

[Event "TCh-FRA Top 12 2018"]
[Site "Brest FRA"]
[Date "2018.05.26"]
[Round "1.1"]
[Board "6"]
[White "Koch, Jean-Rene"]
[Black "Riff, Jean-Noel"]
[Result "1/2-1/2"]
[WhiteTitle "IM"]
[BlackTitle "GM"]
[WhiteElo "2454"]
[BlackElo "2507"]
[WhiteTeam "Metz Fischer"]
[BlackTeam "MULHOUSE Philidor"]
[WhiteFideId "600148"]
[BlackFideId "611190"]
[EventDate "2018.05.26"]

1. c4 e5 2. Nc3 Nf6 3. Nf3 Nc6 4. e3 Bb4 5. Nd5 a5 6. a3 Bd6 7. d4 exd4 8. Nxd4
Nxd5 9. cxd5 Nxd4 10. Qxd4 O-O 11. Bd2 Re8 12. Bc3 Be5 13. Qd2 c5 14. Bb5 b6 15.
O-O Qc7 16. Bxe5 Qxe5 17. e4 Qd6 18. Rfe1 Ba6 19. Bxa6 Rxa6 20. e5 Qc7 21. a4
Raa8 22. f4 d6 23. e6 fxe6 24. dxe6 d5 25. Qxd5 Qxf4 26. Rad1 Ra7 27. Re4 Qf6
28. Rf1 Qd8 29. Qh5 g6 30. Qe2 Rae7 31. Rd1 Qc7 32. Qc4 Qc6 33. Rde1 Rd8 34. h4
Qd5 35. Qc3 Rde8 36. Qf6 Qf5 37. Qc3 Qd5 38. Qe3 Rf8 39. Kh1 Rf5 40. Qg3 Rf8 41.
Kh2 Rfe8 42. Qe3 Rf8 43. Re5 Qc4 44. Re4 Qd5 45. Kh1 Rf6 46. Qe2 Qb3 47. Qd2 Rf8
48. Qd6 Rfe8 49. R1e2 b5 50. axb5 Qxb5 51. Qd5 Rf8 52. Qd6 Qb8 53. Qxb8 Rxb8 54.
Re5 Rb6 55. Kh2 h5 56. g4 hxg4 57. Kg3 Kg7 58. Kxg4 Kf6 59. Rxc5 Rb4+ 60. Kg3
Rxe6 61. Rxe6+ Kxe6 62. Rxa5 1/2-1/2

[Event "TCh-FRA Top 12 2018"]
[Site "Brest FRA"]
[Date "2018.05.26"]
[Round "1.1"]
[Board "7"]
[White "Burri, Quentin"]
[Black "Terrieux, Kevin"]
[Result "1/2-1/2"]
[WhiteTitle "FM"]
[BlackTitle "IM"]
[WhiteElo "2434"]
[BlackElo "2462"]
[WhiteTeam "MULHOUSE Philidor"]
[BlackTeam "Metz Fischer"]
[WhiteFideId "26028654"]
[BlackFideId "622591"]
[EventDate "2018.05.26"]

1. e4 c5 2. Nf3 e6 3. Be2 Qc7 4. O-O a6 5. d4 cxd4 6. Nxd4 Nf6 7. Nc3 Bb4 8. Qd3
Bxc3 9. bxc3 d5 10. exd5 Nxd5 11. Bf3 O-O 12. Bxd5 exd5 13. Ba3 Rd8 14. Rfe1 Nc6
15. Qg3 Qxg3 16. hxg3 Nxd4 1/2-1/2

[Event "TCh-FRA Top 12 2018"]
[Site "Brest FRA"]
[Date "2018.05.26"]
[Round "1.1"]
[Board "8"]
[White "Benmesbah, Natacha"]
[Black "Choisy, Mathilde"]
[Result "1-0"]
[WhiteTitle "WIM"]
[BlackTitle "WFM"]
[WhiteElo "2264"]
[BlackElo "2158"]
[WhiteTeam "Metz Fischer"]
[BlackTeam "MULHOUSE Philidor"]
[WhiteFideId "642002"]
[BlackFideId "634565"]
[EventDate "2018.05.26"]

1. e4 c5 2. Nf3 d6 3. Bb5+ Nd7 4. d4 cxd4 5. Qxd4 a6 6. Bxd7+ Bxd7 7. Nc3 e5 8.
Qd3 h6 9. O-O Nf6 10. Nd2 b5 11. a4 b4 12. Nd5 Nxd5 13. exd5 Be7 14. f4 exf4 15.
Nc4 O-O 16. Bxf4 Qc7 17. b3 Rfd8 18. Bxh6 Bf8 19. Rxf7 Kxf7 20. Qh7 Bf5 21. Rf1
Re8 22. Rxf5+ Ke7 23. Bg5+ Kd7 24. Rf7+ Be7 25. Qxg7 1-0

[Event "TCh-FRA Top 12 2018"]
[Site "Brest FRA"]
[Date "2018.05.26"]
[Round "1.2"]
[Board "1"]
[White "Cornette, Deimante"]
[Black "Laznicka, Viktor"]
[Result "0-1"]
[WhiteTitle "IM"]
[BlackTitle "GM"]
[WhiteElo "2461"]
[BlackElo "2671"]
[WhiteTeam "C.E.M.C. Monaco"]
[BlackTeam "C.E. de BOIS COLOMBES"]
[WhiteFideId "12802859"]
[BlackFideId "316385"]
[EventDate "2018.05.26"]

1. e4 d6 2. d4 Nf6 3. Nc3 e5 4. Nf3 Nbd7 5. Bc4 Be7 6. a4 O-O 7. O-O c6 8. h3
Qc7 9. Qe2 exd4 10. Nxd4 Re8 11. Ba2 Bf8 12. Qf3 Ne5 13. Qg3 Ng6 14. Qd3 Qe7 15.
Re1 d5 16. Bg5 h6 17. Bxf6 Qxf6 18. exd5 Nf4 19. Qf3 Bxh3 20. gxh3 Qxd4 21. dxc6
bxc6 22. Ne4 Qe5 23. Re3 Nd5 24. Rae1 Re6 25. R3e2 Rd8 26. c3 Rg6+ 27. Kh1 Qc7
28. Qf5 Re8 29. Bxd5 cxd5 30. Qxd5 Re5 31. Qd3 Qc6 32. Kh2 Rf5 33. Rg1 Re6 34.
Rge1 Qxa4 35. Kg1 Rg6+ 36. Kh2 Qc6 37. Rg1 Re6 38. Rge1 Rf4 39. Kg1 Rg6+ 40. Ng3
Bc5 41. b4 Bb6 42. b5 Qf6 0-1

[Event "TCh-FRA Top 12 2018"]
[Site "Brest FRA"]
[Date "2018.05.26"]
[Round "1.2"]
[Board "2"]
[White "Vernay, Clovis"]
[Black "Kosten, Anthony C."]
[Result "1/2-1/2"]
[WhiteTitle "IM"]
[BlackTitle "GM"]
[WhiteElo "2513"]
[BlackElo "2448"]
[WhiteTeam "C.E. de BOIS COLOMBES"]
[BlackTeam "C.E.M.C. Monaco"]
[WhiteFideId "633046"]
[BlackFideId "400114"]
[EventDate "2018.05.26"]

1. d4 Nf6 2. c4 e6 3. Nc3 Bb4 4. Qc2 d6 5. e3 O-O 6. Bd3 c5 7. Ne2 Nc6 8. O-O e5
9. Nd5 cxd4 10. exd4 Nxd5 11. cxd5 Nxd4 12. Nxd4 exd4 13. a3 Ba5 14. Bxh7+ Kh8
15. Be4 Bg4 16. Qd3 f5 17. Bf3 Bxf3 18. Qxf3 Qe7 19. b4 Bb6 20. Bb2 Qe4 21. Rfe1
Qxf3 22. gxf3 a5 23. Rad1 axb4 24. axb4 Ra4 25. Bxd4 Rxb4 26. Bxb6 Rxb6 27. Rb1
Rxb1 28. Rxb1 Ra8 29. Kg2 Ra5 30. Kg3 Rxd5 31. Rxb7 1/2-1/2

[Event "TCh-FRA Top 12 2018"]
[Site "Brest FRA"]
[Date "2018.05.26"]
[Round "1.2"]
[Board "3"]
[White "Efimov, Igor"]
[Black "Miton, Kamil"]
[Result "0-1"]
[WhiteTitle "GM"]
[BlackTitle "GM"]
[WhiteElo "2413"]
[BlackElo "2604"]
[WhiteTeam "C.E.M.C. Monaco"]
[BlackTeam "C.E. de BOIS COLOMBES"]
[WhiteFideId "806404"]
[BlackFideId "1111914"]
[EventDate "2018.05.26"]

1. d4 d5 2. Nf3 Nf6 3. c4 c6 4. Qc2 g6 5. Bf4 Bg7 6. e3 O-O 7. h3 c5 8. dxc5 Na6
9. Be2 Bf5 10. Qa4 Nxc5 11. Qa3 Qb6 12. O-O dxc4 13. Bxc4 Nd5 14. Be5 Bxe5 15.
Nxe5 Nb4 16. g4 Nc2 17. Qc3 Be4 18. Nd2 Nxa1 19. b4 Na4 20. Qxa1 Bc6 21. g5 Qxb4
22. Qd4 Qd6 23. Qf4 Bd5 24. Ne4 Bxe4 25. Qxe4 Nc5 26. Qf4 Nd7 27. Bxf7+ Kg7 28.
Nxd7 Qxd7 0-1

[Event "TCh-FRA Top 12 2018"]
[Site "Brest FRA"]
[Date "2018.05.26"]
[Round "1.2"]
[Board "4"]
[White "Zhigalko, Sergei"]
[Black "Villegas, Pierre"]
[Result "1-0"]
[WhiteTitle "GM"]
[BlackTitle "FM"]
[WhiteElo "2606"]
[BlackElo "2345"]
[WhiteTeam "C.E. de BOIS COLOMBES"]
[BlackTeam "C.E.M.C. Monaco"]
[WhiteFideId "13502956"]
[BlackFideId "654183"]
[EventDate "2018.05.26"]

1. e4 c6 2. d4 d5 3. e5 Bf5 4. Nf3 e6 5. Be2 c5 6. Be3 cxd4 7. Nxd4 Ne7 8. Nd2
Nbc6 9. N2f3 Be4 10. O-O Bxf3 11. Nxf3 Qc7 12. Rc1 Nf5 13. Bf4 Be7 14. Bd3 g6
15. c3 h6 16. h3 Nh4 17. Nxh4 Bxh4 18. c4 d4 19. Re1 Bg5 20. Bxg5 hxg5 21. Be4
Rh4 22. Bxc6+ Qxc6 23. f3 O-O-O 24. Qd3 Kb8 25. b4 Rf4 26. Rc2 Rd7 27. a3 Rh4
28. Ra1 Qa4 29. Re2 Rd8 30. Kh2 Rdh8 31. Raa2 Rd8 32. Kg1 Rc8 33. Rac2 a5 34.
Rb2 Rc7 35. c5 axb4 36. axb4 Qa6 37. Qb3 d3 38. Red2 Qa1+ 39. Rd1 Qa6 40. Rxd3 1-0

[Event "TCh-FRA Top 12 2018"]
[Site "Brest FRA"]
[Date "2018.05.26"]
[Round "1.2"]
[Board "5"]
[White "Dornbusch, Tatiana"]
[Black "Shoker, Samy"]
[Result "1-0"]
[WhiteTitle "WGM"]
[BlackTitle "GM"]
[WhiteElo "2290"]
[BlackElo "2475"]
[WhiteTeam "C.E.M.C. Monaco"]
[BlackTeam "C.E. de BOIS COLOMBES"]
[WhiteFideId "14107449"]
[BlackFideId "627143"]
[EventDate "2018.05.26"]

1. d4 d6 2. Nf3 g6 3. g3 Bg7 4. Bg2 Nf6 5. O-O O-O 6. c4 Nbd7 7. Nc3 e5 8. e4
exd4 9. Nxd4 Re8 10. Re1 a6 11. h3 Rb8 12. Bg5 h6 13. Be3 c5 14. Nc2 Ne5 15. b3
Qa5 16. Bd2 b5 17. Nxb5 Qb6 18. Nc3 Bb7 19. Be3 Ned7 20. Qd3 Re6 21. Rad1 Rbe8
22. f3 g5 23. Nd5 Qa5 24. Bd2 Qxa2 25. Nc7 Ne5 26. Qc3 Nxf3+ 27. Qxf3 Bxe4 28.
Rxe4 Nxe4 29. Nxe6 Rxe6 30. Qd3 Nxg3 31. Bd5 Re5 32. Ne3 h5 33. Nf1 Ne2+ 34. Kh1
a5 35. Qf3 Re7 36. Bxg5 Ra7 37. Rd2 Nd4 38. Rxa2 1-0

[Event "TCh-FRA Top 12 2018"]
[Site "Brest FRA"]
[Date "2018.05.26"]
[Round "1.2"]
[Board "6"]
[White "Dionisi, Thomas"]
[Black "Ribbegren, Karl Johan"]
[Result "0-1"]
[WhiteTitle "FM"]
[WhiteElo "2399"]
[BlackElo "2222"]
[WhiteTeam "C.E. de BOIS COLOMBES"]
[BlackTeam "C.E.M.C. Monaco"]
[WhiteFideId "651893"]
[BlackFideId "5400040"]
[EventDate "2018.05.26"]

1. e4 c5 2. Nf3 g6 3. c3 Bg7 4. d4 cxd4 5. cxd4 d5 6. e5 Bg4 7. Bb5+ Nd7 8. h3
Bxf3 9. Qxf3 a6 10. Bd3 e6 11. Nc3 Qb6 12. Qe3 Ne7 13. Ne2 O-O 14. O-O Rac8 15.
Bd2 Rc7 16. Bc3 Nc6 17. b4 Rfc8 18. Bd2 Qa7 19. a4 Nb6 20. b5 Ne7 21. bxa6 bxa6
22. Bb4 Nc4 23. Qf4 Nb2 24. Bb1 Nc6 25. Bc5 Qa8 26. Bd6 Rb7 27. Rc1 Na5 28.
Rxc8+ Qxc8 29. Qc1 Nbc4 30. Ba2 Nb3 31. Bxb3 Rxb3 32. Rb1 Qb7 33. Rxb3 Qxb3 34.
Qg5 h6 35. Qd8+ Kh7 36. Ng3 Qd1+ 37. Kh2 Qxd4 38. Qc7 Qxf2 39. Qb7 Ne3 0-1

[Event "TCh-FRA Top 12 2018"]
[Site "Brest FRA"]
[Date "2018.05.26"]
[Round "1.2"]
[Board "7"]
[White "Nelis, Jean-Francois"]
[Black "Travadon, Loic"]
[Result "1/2-1/2"]
[BlackTitle "FM"]
[WhiteElo "2141"]
[BlackElo "2377"]
[WhiteTeam "C.E.M.C. Monaco"]
[BlackTeam "C.E. de BOIS COLOMBES"]
[WhiteFideId "623830"]
[BlackFideId "26092131"]
[EventDate "2018.05.26"]

1. e4 c5 2. Nf3 g6 3. c3 Bg7 4. d4 cxd4 5. cxd4 d5 6. e5 Nc6 7. Bb5 Bg4 8. Bxc6+
bxc6 9. Nbd2 Nh6 10. O-O O-O 11. h3 Bf5 12. Re1 f6 13. exf6 exf6 14. Nb3 g5 15.
Nc5 Re8 16. Nh2 Rxe1+ 17. Qxe1 Nf7 18. Bd2 Nd6 19. Nf1 h5 20. Ng3 Bg6 21. Ne6
Qd7 22. Nxg7 Kxg7 23. Qd1 h4 24. Nf1 Rb8 25. b3 Re8 26. Rc1 Re6 27. f4 Ne4 28.
fxg5 fxg5 29. Qg4 Qf7 30. Bxg5 Qf2+ 31. Kh2 Nxg5 32. Qxg5 Qxd4 33. Nd2 Re5 34.
Nf3 Rxg5 35. Nxd4 Rg3 36. Nf3 Be4 37. Rxc6 Bxf3 38. gxf3 Rxf3 39. Rd6 Rd3 40. b4
Kf7 41. a4 Ke7 42. Ra6 d4 43. Kg2 Rg3+ 44. Kf2 Rxh3 45. b5 Rb3 46. Rxa7+ Kf6 47.
Rh7 Kg5 48. Rd7 Rb2+ 49. Kg1 Rb4 50. b6 Rxa4 51. b7 1/2-1/2

[Event "TCh-FRA Top 12 2018"]
[Site "Brest FRA"]
[Date "2018.05.26"]
[Round "1.2"]
[Board "8"]
[White "Leconte, Maria"]
[Black "Van Hoolandt, Patrick"]
[Result "1-0"]
[WhiteTitle "WGM"]
[BlackTitle "FM"]
[WhiteElo "2208"]
[BlackElo "2086"]
[WhiteTeam "C.E. de BOIS COLOMBES"]
[BlackTeam "C.E.M.C. Monaco"]
[WhiteFideId "618446"]
[BlackFideId "200999"]
[EventDate "2018.05.26"]

1. e4 e5 2. Nf3 Nc6 3. Nc3 Nf6 4. Bb5 Bd6 5. d3 a6 6. Ba4 h6 7. Ne2 b5 8. Bb3
O-O 9. c3 Re8 10. Ng3 Bf8 11. O-O d5 12. Qe2 Be6 13. Rd1 Qc8 14. Bc2 g6 15. a4
Rb8 16. axb5 axb5 17. h3 Bg7 18. Be3 Nd7 19. d4 exd4 20. Nxd4 Nxd4 21. Bxd4 c5
22. Bxg7 Kxg7 23. Qd2 Nf6 24. e5 Ng8 25. f4 Ne7 26. Qf2 b4 27. Ra7 bxc3 28. bxc3
Nc6 29. Ra4 Ne7 30. f5 Nxf5 31. Bxf5 Bxf5 32. Rxd5 Rb1+ 33. Kh2 Be6 34. Rxc5 Qb8
35. Rd4 Qb6 36. Rd6 Qb3 37. Rc7 Rb2 38. Rd2 Rxd2 39. Qxd2 Qb6 40. Qd6 Qe3 41.
Qd4 Qg5 42. Ne2 Rd8 43. Nf4 Qf5 44. Qe3 g5 45. Nxe6+ Qxe6 46. c4 Re8 47. Rc5 Re7
48. Qd4 h5 49. Rd5 g4 50. h4 Rb7 51. Rd6 g3+ 52. Kxg3 Rb3+ 53. Kh2 Qf5 54. e6+
f6 55. e7 Qg6 56. e8=N+ 1-0

[Event "TCh-FRA Top 12 2018"]
[Site "Brest FRA"]
[Date "2018.05.26"]
[Round "1.3"]
[Board "1"]
[White "Donchenko, Alexander"]
[Black "Kveinys, Aloyzas"]
[Result "0-1"]
[WhiteTitle "GM"]
[BlackTitle "GM"]
[WhiteElo "2587"]
[BlackElo "2493"]
[WhiteTeam "VANDOEUVRE-Echecs"]
[BlackTeam "Les Tours de Haute Picardie, SAINT QUENTIN"]
[WhiteFideId "24603295"]
[BlackFideId "12800040"]
[EventDate "2018.05.26"]

1. d4 d5 2. c4 c6 3. Nf3 Nf6 4. Qc2 e6 5. Nbd2 c5 6. dxc5 Na6 7. e3 Nxc5 8. cxd5
exd5 9. b4 Nce4 10. Bb2 Bd7 11. a3 Rc8 12. Qb3 Nxd2 13. Nxd2 Bd6 14. Be2 a5 15.
O-O axb4 16. axb4 O-O 17. Rfd1 Be6 18. Bd4 Qe7 19. Nf3 Ne4 20. Qb2 f6 21. b5 Bb8
22. Rdc1 Bd6 23. Qb3 Nc5 24. Qd1 Rfd8 25. Bb2 Bf7 26. Nd4 Qe5 27. g3 h5 28. Rab1
Qg5 29. Ba3 Re8 30. h4 Qe5 31. Nc6 bxc6 32. Bxc5 Bg6 33. Bd4 Qe6 34. Bxh5 Bxb1
35. Rxb1 c5 36. Bxe8 Rxe8 37. Ba1 Bc7 38. Qc2 Bb6 39. Rd1 Rd8 40. Qa2 Kf7 41.
Qa3 Qe4 42. Qb3 Ke6 43. Qa2 Kf5 44. Qe2 Ke6 45. Bc3 d4 46. Qa2+ Kf5 47. exd4
cxd4 48. Re1 Qd5 49. Qb1+ d3 50. Qd1 Kg6 51. Qg4+ Kf7 52. Bb4 Bc5 53. Bxc5 Qxc5
54. Qe6+ Kf8 55. b6 d2 56. Rd1 Re8 57. Qd7 Re1+ 58. Kg2 Rxd1 59. b7 Rb1 60. Qc8+
Kf7 61. Qxc5 d1=Q 62. Qc4+ Kg6 63. Qe4+ Kh6 64. Qf4+ Kh7 65. Qe4+ g6 66. Qe7+
Kh6 67. Qf8+ Kh5 68. Qh8+ Kg4 69. Qc8+ f5 70. Qc4+ Kh5 0-1

[Event "TCh-FRA Top 12 2018"]
[Site "Brest FRA"]
[Date "2018.05.26"]
[Round "1.3"]
[Board "2"]
[White "David, Alberto"]
[Black "Hamitevici, Vladimir"]
[Result "0-1"]
[WhiteTitle "GM"]
[BlackTitle "GM"]
[WhiteElo "2563"]
[BlackElo "2508"]
[WhiteTeam "Les Tours de Haute Picardie, SAINT QUENTIN"]
[BlackTeam "VANDOEUVRE-Echecs"]
[WhiteFideId "4000013"]
[BlackFideId "13902393"]
[EventDate "2018.05.26"]

1. e4 c6 2. d4 d5 3. exd5 cxd5 4. Bd3 Nc6 5. c3 Qc7 6. Ne2 e6 7. Bf4 Bd6 8. Bxd6
Qxd6 9. Nd2 Nge7 10. O-O O-O 11. Nf3 f6 12. Ng3 Bd7 13. a3 Be8 14. Re1 Bg6 15.
c4 Rae8 16. c5 Qd7 17. b4 a6 18. Qb3 Bxd3 19. Qxd3 Ng6 20. Rad1 Nf4 21. Qc3 g5
22. Ne2 Ng6 23. Nd2 e5 24. dxe5 fxe5 25. Qg3 Qf7 26. Qxg5 Qxf2+ 27. Kh1 Kh8 28.
Ng3 Qf4 29. Qh5 Qf6 30. Ne2 Qg7 31. Nf1 d4 32. Neg3 Nce7 33. Qg4 Qf7 34. Ne4 Nf5
35. Qh5 Qg7 36. Qg5 h6 37. Qg4 Nf4 38. Qxg7+ Kxg7 39. Rb1 Rd8 40. Rb3 d3 41.
Nfd2 Nd4 42. Rc3 Nde2 43. Rb3 Nd4 44. Rc3 Nde2 45. Rb3 Rd4 46. b5 Nd5 47. bxa6
bxa6 48. c6 Kg6 49. Nc5 e4 50. Ne6 Rc8 51. c7 e3 52. Nxd4 exd2 53. Rd1 Ne3 54.
Rxd2 Nxd4 55. Rb7 Ng4 56. h3 Ne5 57. Rb6+ Kg5 58. Rd6 Nb5 59. Rd5 Kf6 60. a4
Nxc7 61. Rc5 Ke6 62. Rd1 Kd6 63. Rc3 Rb8 0-1

[Event "TCh-FRA Top 12 2018"]
[Site "Brest FRA"]
[Date "2018.05.26"]
[Round "1.3"]
[Board "3"]
[White "Solodovnichenko, Yuri"]
[Black "Colin, Vincent"]
[Result "1-0"]
[WhiteTitle "GM"]
[BlackTitle "IM"]
[WhiteElo "2531"]
[BlackElo "2386"]
[WhiteTeam "VANDOEUVRE-Echecs"]
[BlackTeam "Les Tours de Haute Picardie, SAINT QUENTIN"]
[WhiteFideId "14104369"]
[BlackFideId "612324"]
[EventDate "2018.05.26"]

1. e4 c5 2. Nf3 Nc6 3. Bb5 Nf6 4. Nc3 Qc7 5. d3 Nd4 6. Ba4 a6 7. Nxd4 cxd4 8.
Ne2 Qa5+ 9. c3 dxc3 10. Nxc3 b5 11. Bb3 e6 12. O-O Bb7 13. Bd2 b4 14. Na4 Bc6
15. a3 Rb8 16. Qc2 Qe5 17. h3 bxa3 18. bxa3 Bd6 19. g3 Nh5 20. Bc3 Qg5 21. Bd2
Qg6 22. Bb4 Bxb4 23. axb4 Rxb4 24. Nc5 O-O 25. Kh2 f5 26. Rxa6 Rxb3 27. Qxb3
fxe4 28. dxe4 Bxe4 29. Nxd7 Bd5 30. Qxd5 Nxg3 31. fxg3 1-0

[Event "TCh-FRA Top 12 2018"]
[Site "Brest FRA"]
[Date "2018.05.26"]
[Round "1.3"]
[Board "4"]
[White "Chabanon, Jean-Luc"]
[Black "Bailet, Pierre"]
[Result "1/2-1/2"]
[WhiteTitle "GM"]
[BlackTitle "IM"]
[WhiteElo "2450"]
[BlackElo "2501"]
[WhiteTeam "Les Tours de Haute Picardie, SAINT QUENTIN"]
[BlackTeam "VANDOEUVRE-Echecs"]
[WhiteFideId "600075"]
[BlackFideId "655830"]
[EventDate "2018.05.26"]

1. d4 d5 2. Bf4 Nf6 3. e3 e6 4. Nd2 Bd6 5. Bg3 O-O 6. Bd3 c5 7. c3 b6 8. e4 Bxg3
9. hxg3 Ba6 10. Bxa6 Nxa6 11. e5 Nd7 12. Qe2 Nc7 13. Nh3 cxd4 14. cxd4 Qe7 15.
O-O-O Qb4 16. Qd3 Nb5 17. a3 Qa4 18. Nf4 Rfc8+ 19. Kb1 Nf8 20. Qb3 Qa6 21. Qb4
Qa5 22. Qxa5 bxa5 23. Nf3 Rab8 24. Ka1 Rc2 25. Rc1 Rxf2 26. a4 Nxd4 27. Nxd4
Rbxb2 28. Rc8 Rbd2 29. Nc6 g6 30. Nxa5 Ra2+ 31. Kb1 Rxa4 32. Nc6 Raa2 33. Nd3
Rxg2 34. Rf1 Rad2 35. Nc1 Rb2+ 36. Ka1 Rb6 37. Rc7 Ra6+ 38. Kb1 Rb6+ 39. Ka1
Ra6+ 1/2-1/2

[Event "TCh-FRA Top 12 2018"]
[Site "Brest FRA"]
[Date "2018.05.26"]
[Round "1.3"]
[Board "5"]
[White "Cossin, Sebastien"]
[Black "Godart, Francois"]
[Result "0-1"]
[WhiteTitle "IM"]
[BlackTitle "IM"]
[WhiteElo "2498"]
[BlackElo "2420"]
[WhiteTeam "VANDOEUVRE-Echecs"]
[BlackTeam "Les Tours de Haute Picardie, SAINT QUENTIN"]
[WhiteFideId "618802"]
[BlackFideId "208078"]
[EventDate "2018.05.26"]

1. c4 e6 2. Nf3 d5 3. d4 c6 4. Qc2 dxc4 5. Qxc4 Nf6 6. Bg5 b5 7. Qc2 Bb7 8. Nbd2
Nbd7 9. e4 Qb6 10. a4 a6 11. Be2 Bb4 12. O-O c5 13. axb5 axb5 14. Rxa8+ Bxa8 15.
e5 Nd5 16. Qe4 h6 17. Be3 O-O 18. Bd3 f5 19. exf6 N7xf6 20. Qe5 Ng4 21. Qg3
Ngxe3 22. fxe3 c4 23. Bh7+ Kxh7 24. Ng5+ hxg5 25. Rxf8 Bxf8 0-1